| 000 | 00401nam a22001697a 4500 | ||
|---|---|---|---|
| 003 | MPLRDC | ||
| 005 | 20220104143946.0 | ||
| 008 | 210129b ||||| |||| 00| 0 eng d | ||
| 082 | _a848.3 YS v.107 c.4 | ||
| 100 | _a亦舒 | ||
| 245 |
_a三个愿望 _c |
||
| 250 | _a初版 | ||
| 260 |
_a _b天地图书有限公司 _c |
||
| 300 | _b平 | ||
| 650 | _a现代别集 | ||
| 942 |
_cBK _o848.3 YS v.107 c.4 |
||
| 999 |
_c45028 _d45018 |
||